Towards intelligent urban sustainability (Record no. 103838)

MARC details
000 -LEADER
fixed length control field 00927cam a2200217 4500
001 - CONTROL NUMBER
control field L127918
008 - FIXED-LENGTH DATA ELEMENTS--GENERAL INFORMATION
fixed length control field 041108n2005 000 0 eng u
020 ## - INTERNATIONAL STANDARD BOOK NUMBER
International Standard Book Number 1842192078
035 ## - SYSTEM CONTROL NUMBER
System control number (Sirsi) u127918
041 ## - LANGUAGE CODE
Language code of text/sound track or separate title eng
100 1# - MAIN ENTRY--PERSONAL NAME
Personal name El-Masri, Souheil
245 00 - TITLE STATEMENT
Title Towards intelligent urban sustainability
Remainder of title a review of initiatives and future prospects in Bahrain
260 ## - PUBLICATION, DISTRIBUTION, ETC.
Place of publication, distribution, etc. London
Name of publisher, distributor, etc. RICS Foundation
Date of publication, distribution, etc. 2005
490 #0 - SERIES STATEMENT
Series statement COBRA
Volume/sequential designation 2005
520 ## - SUMMARY, ETC.
Summary, etc. Discusses the need to stress the complexity, dynamics and interrelations of socio-cultural, economic and environmental developments in urban development and planning. Discusses the relevance of environmental awareness, urban conservation and decentralisation policies.
590 ## - LOCAL NOTE (RLIN)
Local note KA
651 #4 - SUBJECT ADDED ENTRY--GEOGRAPHIC NAME
Geographic name BAHRAIN
690 ## - LOCAL SUBJECT ADDED ENTRY--TOPICAL TERM (OCLC, RLIN)
Topical term or geographic name as entry element ENVIRONMENTAL AND LAND CONSULTANCY-SUSTAINABILITY
711 2# - ADDED ENTRY--MEETING NAME
Meeting name or jurisdiction name as entry element Construction and Building Research Conference
Number of part/section/meeting (10th
Date of meeting or treaty signing 2005
Location of meeting London)
942 ## - ADDED ENTRY ELEMENTS (KOHA)
Suppress in OPAC 0
Holdings
Withdrawn status Lost status Source of classification or shelving scheme Damaged status Not for loan Home library Current library Shelving location Date acquired Total Checkouts Full call number Barcode Date last seen Copy number Price effective from Koha item type
    Dewey Decimal Classification     London London Basement 07/02/2007   ONLINE PUBLICATION 127918-2001 06/08/2019 1 06/08/2019 Book